| 000 | 00671nam a2200253Ia 4500 | ||
|---|---|---|---|
| 008 | 200601s9999 xx 000 0 und d | ||
| 020 | _a978-0-2413-1362-6 | ||
| 050 | _aREF RM 216 | ||
| 050 | _b.B74 2018 | ||
| 100 | _aBrewer, Sarah. | ||
| 245 | 0 | _aEat better, live longer : | |
| 245 | 0 | _bunderstand what your body needs to stay healthy / | |
| 245 | 0 | _cSarah Brewer, Juliette Kellow. | |
| 260 | _aGreat Britain : | ||
| 260 | _bDK Publishing, | ||
| 260 | _c2018 | ||
| 300 | _a224 pages : | ||
| 300 | _bcolor illustrations ; | ||
| 300 | _c24 cm. | ||
| 500 | _aIncludes index. | ||
| 650 | _aFood. | ||
| 650 | _aHealth & fitness. | ||
| 650 | _xNutrition. | ||
| 999 |
_c363227 _d363227 |
||